000 00549 a2200157 4500
020 _a0471728977
020 _a9780471728979
090 _c453
_d453
100 1 _aKreyszig, Erwin.
245 1 0 _aAdvanced engineering mathematics /
_cErwin Kreyszig.
250 _a9th Edition, International Edition.
260 _a[S.l.] :
_bJohn Wiley & Sons,
_c2006.
300 _a1248 p. ;
_c26 cm.
942 _aSNS
_cBK
_k620.0042 KRE
999 _c314707
_d314707